Bí quyết chế biến món ăn hải sản

সংরক্ষণ করুন:
গ্রন্থ-পঞ্জীর বিবরন
বিন্যাস: গ্রন্থ
ভাষা:Undetermined
প্রকাশিত: Đồng Nai Đồng Nai
বিষয়গুলি:
ট্যাগগুলো: ট্যাগ যুক্ত করুন
কোনো ট্যাগ নেই, প্রথমজন হিসাবে ট্যাগ করুন!
Thư viện lưu trữ: Trung tâm Học liệu Trường Đại học Cần Thơ
LEADER 00481nam a2200169Ia 4500
001 CTU_55517
008 210402s9999 xx 000 0 und d
020 |b 8000 
082 |a 641.69 
082 |b B300 
245 0 |a Bí quyết chế biến món ăn hải sản 
245 0 |c Thục Nữ biên dịch 
260 |a Đồng Nai 
260 |b Đồng Nai 
650 |a cookery ( seafood ) 
904 |i Minh 
980 |a Trung tâm Học liệu Trường Đại học Cần Thơ